Invencie, interpretácie, mystifikácie III.

Bibliographic Details
Other Authors: Tučná, Eva, 1944- (Editor)
Format: Book
Language:Slovak
PhysicalDescription:177 s. tab. 21 cm
Published: Nitra Univerzita Konštantína Filozofa 2009
ISBN:9788080946340
Edition:1. vyd.
Subjects:

MARC

LEADER 00000nam a2200000 a 4500
001 vtls010119806
003 SK-MaSNL
005 20260301030949.0
008 180731s2009 xo l d 000 0 slo
015 |a SNBA2010/08-04476 
020 |a 9788080946340  |q (brož.) 
035 |a D93E1D7F-8222-41DF-8BA1-B1473B3315C2 
035 |a urn:nbn:sk:snk-aml7tl 
035 |a urn:nbn:sk:snk-am008t8h 
040 |a SNK  |b slo  |c SNK  |e AACR2 
041 0 |a slo 
044 |a xo  |c SK 
072 7 |a 82.0  |x Literatúra (teória)  |2 konspekt 
080 |a 821.162.4  |2 2001 
080 |a 82.0  |2 2001 
080 |a 801.82  |2 2001 
080 |a 82.09  |2 2001 
080 |a (048.8)  |2 2001 
080 |a (082)  |2 2001 
245 0 0 |a Invencie, interpretácie, mystifikácie  |n III.  |c Eva Tučná (editor) 
250 |a 1. vyd. 
260 |a Nitra  |b Univerzita Konštantína Filozofa  |c 2009 
300 |a 177 s.  |b tab.  |c 21 cm 
366 |e 150 výt. 
504 |a Bibliogr. odkazy. Pozn. 
650 0 7 |a slovenská literatúra  |2 SNKPH  |9 1115 
650 0 7 |a literárna veda  |2 SNKPH  |9 1137 
650 0 7 |a literárne texty  |2 SNKPH  |9 63437 
650 0 7 |a literárnovedné rozbory  |2 SNKPH  |9 241582 
655 7 |a štúdie  |2 SNKPH  |9 57033 
655 7 |a zborníky  |2 SNKPH  |9 70165 
700 1 |a Tučná, Eva,  |d 1944-  |4 edt  |9 104988 
919 |a 978-80-8094-634-0 
958 |a NB 
968 |d 82 
999 |c 575608  |d 577538 
952 |a SNK  |b SNK  |y PREZ  |7 0  |p 17A0666702  |o snkSC 131717/3  |i snk2010/16282  |8 0  |0 0  |1 0  |4 0  |d 2010-07-30  |f 1  |l 0  |r 2025-06-23 00:00:00  |w 2026-02-23 
952 |a SNK  |b SNK  |y VYP  |7 0  |p 17A0666701  |o snkSC 131717/3 D1  |i snk2010/16284  |8 0  |0 0  |1 0  |4 0  |d 2010-07-30  |l 0  |r 2026-02-23 14:31:13  |w 2026-02-23